000 00653nam a22002057a 4500
005 20241113162623.0
008 241113b |||||||| |||| 00| 0 eng d
020 _a9798400223525
050 _aHG 187.1 INT
245 _aIndia's financial System
_bBuilding the foundation for strong and sustainable growth
260 _aWashington DC, International Monetary Fund,
_bIMF Publication Services
_cc2023
300 _axv,274p
500 _aincludes illus, refs, index
650 _2finance, economic policy
_aIndia
700 _aSchipke, Alfred,
700 _aTurunen Jarkko
700 _aChouerri Nada
700 _aGulde-Wolfe
942 _2lcc
_cBK
_n0
999 _c1136
_d1136